00329pab a2200133 454500008004000000100002700040245004200067260000900109300001100118362001000129650002200139650001400161773002000175180718b2014 xxu||||| |||| 00| 0 eng d aRao, P.H. Sethumadhava aProblems of higher education in India c2014 ap.3-4. a4 Aug aEducation - India aEducation aUniversity News